[Event "Let's Play Chess!"]
[Site "http://www.queenalice.com/game.php?id=57991"]
[Date "2006.3.18"]
[Round "-"]
[White "pawn_buzzard"]
[Black "biswanath"]
[Result "1-0"]
[WhiteElo "1633"]
[BlackElo "1738"]

1. f4 d5 2. Nf3 Bf5 3. Nc3 e6 4. e3 Nh6 5. d3 Bc5 6. d4 Bb6 7. h3 Nd7 8. g4 Bg6
9. Bb5 a6 10. Ba4 Ba5 11. Ne5 b5 12. Bb3 Nxe5 13. dxe5 Be4 14. Rh2 c5 15. Ke2
Bxc3 16. bxc3 c4 17. Bxc4 bxc4 18. Ba3 Qh4 19. Qg1 Bxc2 20. Bc5 Rb8 21. Kd2 Bd3
22. Ba3 Rb5 23. Qg2 Kd7 24. Bb4 Rhb8 25. a4 R5b7 26. a5 f5 27. exf6 gxf6 28. f5
Rg8 29. fxe6+ Kxe6 30. Re1 Kd7 31. Qxd5+ Kc8 32. Qc6+ Kb8 33. Bd6+ Ka7 34. Bc5+
Kb8 35. Qd6+ Kc8 36. Bb6 Qg5 37. Ra1 Be4 38. Qe6+ Rd7+ 39. Bd4 Qb5 40. Kc1 Bd3
41. Rb2 Qd5 42. Qxa6+ Kd8 43. Rb8+ Ke7 44. Qxf6# 1-0

[Event "No chess engine please!"]
[Site "http://www.queenalice.com/game.php?id=58049"]
[Date "2006.3.18"]
[Round "-"]
[White "alfreale"]
[Black "biswanath"]
[Result "0-1"]
[WhiteElo "1794"]
[BlackElo "1500"]

1. e4 e5 2. Nf3 Nc6 3. Bc4 h6 4. d3 d6 5. O-O Bg4 6. h3 Bh5 7. g4 Bg6 8. Be3 h5
9. g5 h4 10. Kh2 Bh5 11. Rg1 Nge7 12. c3 Ng6 13. d4 Qe7 14. Be2 exd4 15. Nxd4
Qe5+ 16. Kh1 Nxd4 17. Bxd4 Qe6 18. Rg2 Nf4 0-1

[Event "AUTO-OPEN-235"]
[Site "http://www.queenalice.com/game.php?id=58100"]
[Date "2006.3.18"]
[Round "1"]
[White "biswanath"]
[Black "marte"]
[Result "0-1"]
[WhiteElo "1612"]
[BlackElo "2013"]

1. e4 e5 2. Nf3 Nf6 3. Bc4 Nc6 4. d3 d6 5. Nc3 Be7 6. h4 Bg4 7. Be3 a6 8. d4
exd4 9. Bxd4 Nxd4 10. Qxd4 Bxf3 11. gxf3 O-O 12. O-O-O Nh5 13. Nd5 Bxh4 14. Nxc7
Bxf2 15. Qxd6 Qxd6 16. Rxd6 Rad8 17. Rxd8 Rxd8 18. Nd5 Nf4 19. Rd1 Nxd5 20. Bxd5
Be3+ 21. Kb1 Kf8 22. c3 Ke7 23. Kc2 b6 24. Rh1 h6 25. Rh5 g6 26. Rh1 h5 27. Kd3
Bf4 28. b4 Rd6 29. Rh4 Rf6 30. Kd4 Kd6 31. c4 Be5+ 32. Ke3 Bg3 33. Rh3 Bf4+ 34.
Ke2 Be5 35. a4 Bd4 36. Rh4 Be5 37. Rh3 Bd4 38. Kd3 Be5 39. Ke2 Bd4 40. Rh1 Be5
41. Rd1 Kc7 42. b5 a5 43. Bc6 Bd6 44. Rd5 Re6 45. Kf1 f6 46. Kg2 g5 47. Kh3 Re7
48. Rf5 Be5 49. Bd5 Kd6 50. f4 gxf4 51. Rxh5 Rg7 52. Rh8 Kc5 53. Ra8 f3 0-1

[Event "AUTO-OPEN-235"]
[Site "http://www.queenalice.com/game.php?id=58101"]
[Date "2006.3.18"]
[Round "1"]
[White "marte"]
[Black "biswanath"]
[Result "1-0"]
[WhiteElo "1920"]
[BlackElo "1847"]

1. d4 c6 2. c4 Nf6 3. Nc3 d6 4. e3 Bf5 5. Nf3 e6 6. Qb3 Qc7 7. Be2 Be7 8. O-O
Ng4 9. e4 Bg6 10. h3 Nf6 11. Bf4 Nxe4 12. Nxe4 Bxe4 13. Rfd1 Nd7 14. Qe3 Bg6 15.
b4 O-O 16. Rac1 Qb6 17. c5 Qxb4 18. a3 Qa5 19. cxd6 Bf6 20. Ne5 Nxe5 21. dxe5
Bh4 22. Rc4 f6 23. Bh2 fxe5 24. Rxh4 b5 25. Bxe5 Rac8 26. Qc5 Qd8 27. d7 Qxh4
28. Bg3 Qf6 29. dxc8=Q Rxc8 30. Bxb5 Be4 31. Rd6 Qa1+ 32. Kh2 Rf8 33. Bxc6 Rc8
34. Rxe6 Qf1 35. Rxe4 Qa6 36. Bd5+ Kh8 37. Qe7 Qg6 38. Rg4 Qf6 39. Qxa7 Re8 40.
Qf7 Rd8 41. Qxf6 gxf6 42. Rd4 Kg7 43. a4 Kg6 44. Be4+ f5 45. Bxf5+ Kxf5 46. Rxd8
h5 47. a5 h4 48. a6 hxg3+ 49. Kxg3 Ke6 50. a7 Ke5 51. a8=Q Ke6 52. Qd5+ Kf6 53.
Rd6+ Ke7 54. Qe6+ Kf8 55. Qd7 Kg8 56. Qe7 Kh8 57. Rd8# 1-0

[Event "AUTO-OPEN-235"]
[Site "http://www.queenalice.com/game.php?id=58102"]
[Date "2006.3.18"]
[Round "1"]
[White "biswanath"]
[Black "Luciano_Matte"]
[Result "1-0"]
[WhiteElo "1612"]
[BlackElo "1916"]

1. e4 e6 2. Bc4 d5 3. exd5 exd5 4. Qe2+ Be7 5. Bb3 Nf6 6. Nf3 O-O 7. O-O c5 8.
d3 Bg4 9. Nbd2 Nc6 10. c4 d4 11. Ne4 Re8 12. Bd1 Ne5 13. Qc2 Nxf3+ 14. Bxf3 Bxf3
15. gxf3 Nh5 16. Ng3 Nf6 17. Kh1 Bd6 18. Rg1 Qd7 19. Qd2 Re5 20. Ne4 Nxe4 21.
fxe4 Rh5 22. f4 Qh3 23. Qe2 f6 24. Bd2 Rh4 25. Raf1 Qe6 26. Qf2 Rh3 27. Qg2 Qd7
28. Be1 Rxd3 29. Bh4 Qf7 30. e5 Be7 31. Qxb7 Re8 32. Qc6 Rh3 33. exf6 Bxf6 34.
Bxf6 Re2 35. Rg2 1-0

[Event "AUTO-OPEN-235"]
[Site "http://www.queenalice.com/game.php?id=58103"]
[Date "2006.3.18"]
[Round "1"]
[White "Luciano_Matte"]
[Black "biswanath"]
[Result "0-1"]
[WhiteElo "1940"]
[BlackElo "1700"]

1. Nf3 Nc6 2. g3 e5 3. d3 Bc5 4. Bg2 Nf6 5. O-O Ng4 6. e3 d6 7. h3 Nf6 8. d4
exd4 9. exd4 Bb6 10. Bg5 h6 11. Re1+ Ne7 12. Bxf6 gxf6 13. Qe2 d5 14. Nc3 Be6
15. Na4 Qd6 16. Nxb6 Qxb6 17. b3 Rg8 18. Rad1 Nf5 19. g4 Nd6 20. Nh4 O-O-O 21.
Qd2 Rh8 22. a4 Ne8 23. b4 h5 24. Nf5 Nd6 25. Nxd6+ Qxd6 26. f3 hxg4 27. fxg4 f5
28. g5 f4 29. Re5 Rh4 30. Rf1 Qd7 31. Rxf4 Rdh8 32. c4 Bxh3 33. Rxh4 Rxh4 34.
Qe3 b6 35. Rxd5 Qg4 36. Qe8+ Kb7 37. Qe4 Qd1+ 38. Kh2 Rxe4 0-1

[Event "AUTO-OPEN-235"]
[Site "http://www.queenalice.com/game.php?id=58104"]
[Date "2006.3.18"]
[Round "1"]
[White "biswanath"]
[Black "NoelMedina"]
[Result "0-1"]
[WhiteElo "1771"]
[BlackElo "1253"]

1. e4 c5 2. Bc4 Nc6 3. Nf3 d6 4. Ng5 e6 5. d3 h6 6. Nf3 Nf6 7. Nc3 a6 8. Be3 Be7
9. d4 cxd4 10. Nxd4 Nxd4 11. Bxd4 e5 12. Be3 O-O 13. h3 b5 14. Bd3 Bb7 15. a3
Qa5 16. b4 Qc7 17. Qd2 Rac8 18. Nd5 Bxd5 19. exd5 Nxd5 20. Rc1 Nxe3 21. Qxe3 Bg5
22. Qe4 Qc3+ 23. Kf1 f5 24. Qd5+ Kh8 25. Rd1 e4 26. Be2 Qxc2 27. h4 Bf4 28. g3
Be5 29. g4 fxg4 30. Rd2 Qc1+ 31. Kg2 Rxf2+ 32. Kxf2 Qxh1 33. Qe6 Rf8+ 34. Ke3
Qh3+ 35. Kxe4 Rf4+ 36. Kd5 Qb3+ 0-1

[Event "AUTO-OPEN-235"]
[Site "http://www.queenalice.com/game.php?id=58105"]
[Date "2006.3.18"]
[Round "1"]
[White "NoelMedina"]
[Black "biswanath"]
[Result "1-0"]
[WhiteElo "1167"]
[BlackElo "1612"]

1. e4 e5 2. Nf3 Nc6 3. Bc4 f6 4. Nc3 Bc5 5. O-O Nge7 6. d3 d6 7. Nd5 f5 8. exf5
Nxf5 9. Ng5 Nh6 10. Qh5+ Kf8 11. Qf3+ Bf5 12. Ne6+ 1-0

[Event "Challenge"]
[Site "http://www.queenalice.com/game.php?id=66078"]
[Date "2006.4.29"]
[Round "-"]
[White "renard77"]
[Black "biswanath"]
[Result "1-0"]
[WhiteElo "1728"]
[BlackElo "1796"]

1. d4 d5 2. Nc3 Nf6 3. e4 dxe4 4. f3 Bf5 5. fxe4 Nxe4 6. Nge2 Nc6 7. Bf4 Nxc3 8.
bxc3 Qd5 9. Bxc7 Rc8 10. Bg3 e6 11. Nf4 Qe4+ 12. Be2 Qxc2 13. Qd2 Qe4 14. O-O
Rd8 15. Bf3 Qc2 16. Qe3 Bd6 17. Rfc1 Qa4 18. Bh4 Rc8 19. Bg3 O-O 20. Nh5 Be7 21.
Bd1 Qc4 22. Be2 Qd5 23. Bf3 Qa5 24. Be4 Rfd8 25. Qf4 Qa6 26. Bh4 Qe2 27. Ng3 Qg4
28. Qxg4 Bxg4 29. Bxe7 Nxe7 30. h3 Be2 31. Bxb7 Rb8 32. Nxe2 Rxb7 33. Kh2 Nf5
34. Ng3 Nh4 35. Ne4 Rb2 36. Rg1 f5 37. Ng5 Re8 38. Kg3 Ng6 39. h4 Rc2 40. h5
Rxc3+ 41. Kh2 Nh4 42. Rae1 Rc2 43. d5 h6 44. Nxe6 Nf3+ 45. Kg3 Nxg1 46. Rxg1
Rxa2 47. Kf4 Rf2+ 48. Ke5 a5 49. Kd6 1-0

[Event "Challenge"]
[Site "http://www.queenalice.com/game.php?id=66079"]
[Date "2006.4.29"]
[Round "-"]
[White "biswanath"]
[Black "renard77"]
[Result "0-1"]
[WhiteElo "1770"]
[BlackElo "1747"]

1. e4 Nc6 2. Bc4 e5 3. Qf3 Nf6 4. g4 Nd4 5. Qd1 d5 6. exd5 Bxg4 7. f3 Bh5 8. c3
Nf5 9. d3 Nxd5 10. Bxd5 Qxd5 11. c4 Qd4 12. Qe2 Bb4+ 13. Nd2 O-O 14. Kd1 Bxd2
15. Qxd2 Qh4 16. Qg2 Rad8 17. Kc2 Nd4+ 18. Kb1 Qf6 19. Bg5 Qf5 20. Bxd8 Rxd8 21.
Qd2 Nxf3 22. Nxf3 Bxf3 23. Rf1 Rxd3 24. Qc2 e4 25. b3 Qh3 26. Kb2 c5 27. Rae1 a5
28. Rg1 f5 29. Rg3 Qh5 30. Reg1 g6 31. Ka3 f4 32. R3g2 Bxg2 33. Rxg2 f3 34. Rg3
Qe5 35. Qc1 Qd4 36. h4 Qf2 37. Qg5 Rd2 38. Ka4 Rxa2+ 39. Kb5 Qd2 40. Qxc5 Qd7+
41. Kb6 Rb2 42. Kxa5 Rxb3 43. Qe5 b6+ 44. Ka6 Ra3+ 45. Kxb6 Qa7+ 46. Kc6 Ra6+
47. Kd5 Ra5+ 48. Kxe4 Rxe5+ 0-1

[Event "AUTO-MASTER-138"]
[Site "http://www.queenalice.com/game.php?id=66194"]
[Date "2006.4.30"]
[Round "1"]
[White "chessdeviant"]
[Black "biswanath"]
[Result "0-1"]
[WhiteElo "1770"]
[BlackElo "1771"]

1. d4 d5 2. c4 Bf5 3. e3 Nf6 4. Nf3 e6 5. cxd5 Qxd5 6. Bd3 Ne4 7. O-O Nc6 8. Nc3
Nxc3 9. bxc3 Bg4 10. e4 Qh5 11. Be2 f6 12. h3 Bxf3 13. Bxf3 Qa5 14. Bd2 a6 15.
Qb3 Nd8 16. Rab1 c5 17. c4 Qxd2 0-1

[Event "AUTO-MASTER-138"]
[Site "http://www.queenalice.com/game.php?id=66195"]
[Date "2006.4.30"]
[Round "1"]
[White "biswanath"]
[Black "chessdeviant"]
[Result "1-0"]
[WhiteElo "1807"]
[BlackElo "1770"]

1. e4 e5 2. Nf3 Nc6 3. Bc4 h6 4. d3 Nf6 5. Nc3 a6 6. Nd5 Bc5 7. h3 d6 8. g4 Nxd5
9. Bxd5 O-O 10. Rg1 Ne7 11. Bb3 Be6 12. Bc4 b5 13. Bxe6 fxe6 14. g5 h5 15. g6
Nc6 16. Be3 Nd4 17. Nxd4 Bxd4 18. Qxh5 1-0

[Event "AUTO-MASTER-138"]
[Site "http://www.queenalice.com/game.php?id=66210"]
[Date "2006.4.30"]
[Round "1"]
[White "biswanath"]
[Black "sakhan"]
[Result "0-1"]
[WhiteElo "1838"]
[BlackElo "1754"]

1. e4 e5 2. Bc4 Nf6 3. d3 Nc6 4. Nc3 Na5 5. Nf3 d6 6. b4 Nxc4 7. dxc4 Bg4 8. h3
Bh5 9. g4 Bg6 10. Rg1 Nxe4 11. Nb5 c6 12. Na3 Qb6 13. Qe2 Qxb4+ 14. Kf1 Nc5 15.
Nd2 Qc3 16. Rb1 Qxh3+ 17. Ke1 Be7 18. Nb3 Ne4 19. Na5 Qc3+ 20. Bd2 Qxa3 21. Nxb7
Rb8 22. Rb3 Qxa2 23. Nxd6+ Bxd6 24. Rxb8+ Bxb8 25. Qf3 O-O 26. Bb4 Qb1+ 27. Qd1
Qxb4+ 28. Ke2 Nc3+ 0-1

[Event "AUTO-MASTER-138"]
[Site "http://www.queenalice.com/game.php?id=66211"]
[Date "2006.4.30"]
[Round "1"]
[White "sakhan"]
[Black "biswanath"]
[Result "1-0"]
[WhiteElo "1748"]
[BlackElo "1824"]

1. e4 e5 2. Nf3 Nc6 3. Bb5 Qf6 4. c3 a6 5. Ba4 b5 6. Bb3 Nh6 7. d4 d6 8. Bg5 Qg6
9. Bc2 Bg4 10. Be3 Be7 11. h3 Bd7 12. O-O Bxh3 13. g3 Bxf1 14. Qxf1 Ng4 15. Bc1
Qh5 16. d5 Na5 17. Nbd2 Bg5 18. b3 Rb8 19. Qg2 c5 20. Nxg5 h6 21. Ngf3 b4 22. c4
Nb7 23. Nh4 g5 24. Nf5 Rg8 25. Bd1 Rg6 26. Nf1 Rg8 27. Nh2 Qxh2+ 28. Qxh2 Nxh2
29. Kxh2 f6 30. Kg2 Rh8 31. Bh5+ Kd7 32. a3 Na5 33. Bd1 Rb6 34. axb4 Nb7 35.
bxc5 Nxc5 36. Be3 h5 37. Rb1 Rbb8 38. Bc2 Rb7 39. b4 Nxe4 40. Bxe4 Rhb8 41. Bd2
g4 42. Ng7 Rh8 43. Ne6 h4 44. Bf5 Ke7 45. Bxg4 a5 46. b5 hxg3 47. fxg3 Rbb8 48.
Bxa5 Rbc8 49. Nc7 1-0

[Event "Challenge"]
[Site "http://www.queenalice.com/game.php?id=66271"]
[Date "2006.5.1"]
[Round "-"]
[White "Alcar"]
[Black "biswanath"]
[Result "0-1"]
[WhiteElo "1599"]
[BlackElo "1812"]

1. e4 e5 2. Nf3 Nf6 3. Nc3 Nc6 4. d4 Bd6 5. d5 Ne7 6. Be2 c6 7. Bc4 Qa5 8. Bd2
Qb4 9. b3 Qb6 10. O-O Ng6 11. Be3 Bc5 12. Bxc5 Qxc5 13. Na4 Qe7 14. d6 Qd8 15.
Re1 b5 16. Bd3 bxa4 17. c4 axb3 18. axb3 c5 19. h3 Nh5 20. g4 Nhf4 21. Kh2 Qf6
22. Rg1 Qxd6 23. Bc2 Qf6 24. Ra5 d6 25. Bd3 O-O 26. Qd2 Nh4 27. Nxh4 Qxh4 28.
Bf1 Rb8 29. Qc3 Qxf2+ 30. Bg2 Ne2 31. Qe1 Qf4+ 32. Kh1 Ng3+ 0-1